Animaux en images par lettre - R - Statistiques

Statistiques générales
  • Ce quiz a été pris 34 454 fois
    32 267 depuis la dernière actualisation
  • Le résultat moyen est 10 sur 16
Statistiques - réponses
Par images Réponse % Correct
Requin
100%
Renard
99%
Raie
98%
Rhinocéros
98%
Raton laveur
92%
Renne
90%
Rouge-gorge
85%
Ragondin
72%
Requin-baleine
62%
Rainette
60%
Rat-taupe nu
29%
Rorqual
28%
Rascasse volante
25%
Rossignol
25%
Ratel
22%
Rat musqué
16%
Aucun quiz correspondant
Distribution des résultats
% des personnes avec chaque résultat
Percentile par nombre de réponses
Votre historique - résultats
Vous n’avez pas pris ce quiz depuis la dernière actualisation